Statistics for The states that have decided every US election since 1896

Click here to take the quiz!

General Stats

  • This quiz has been taken 110 times
  • The average score is 4 of 5

Answer Stats

# D votes# R votes# loser votesAnswer% Correct
181410Florida
94%
14176Pennsylvania
92%
12204Ohio
91%
181410Virginia
64%
16164Illinois
55%

Score Distribution

Percentile by Number Answered

Percent of People with Each Score

Your Score History

You have not taken this quiz